Prepare the ground to stop contaminated land disputes (Record no. 73226)

MARC details
000 -LEADER
fixed length control field 01191cam a2200277 4500
001 - CONTROL NUMBER
control field ABS66982
008 - FIXED-LENGTH DATA ELEMENTS--GENERAL INFORMATION
fixed length control field 030815n2003 000 0 eng u
035 ## - SYSTEM CONTROL NUMBER
System control number (Sirsi) u123279
100 ## - MAIN ENTRY--PERSONAL NAME
Personal name Ross, K.
245 ## - TITLE STATEMENT
Title Prepare the ground to stop contaminated land disputes
260 ## - PUBLICATION, DISTRIBUTION, ETC.
Date of publication, distribution, etc. 2003
490 ## - SERIES STATEMENT
Series statement Journal of the Law Society of Scotland
Volume/sequential designation 48(6) June 2003, 55-56(2)
520 ## - SUMMARY, ETC.
Summary, etc. Provides guidance to Scottish solicitors on how to avoid or deal with disputes over contaminated land, looking at greater depth at the specific provisions contained in the "Contaminated land information" leaflet. Solicitors need to consider whether contamination is an issue and whether the transaction is a purchase, heritable security or lease. Advises that solicitors should keep issues of contamination in mind and advise clients according to the type of transaction involved.
590 ## - LOCAL NOTE (RLIN)
Local note ABS
650 ## - SUBJECT ADDED ENTRY--TOPICAL TERM
Topical term or geographic name entry element CONTAMINATED LAND
650 ## - SUBJECT ADDED ENTRY--TOPICAL TERM
Topical term or geographic name entry element CONVEYANCING
650 ## - SUBJECT ADDED ENTRY--TOPICAL TERM
Topical term or geographic name entry element SOLICITORS
650 ## - SUBJECT ADDED ENTRY--TOPICAL TERM
Topical term or geographic name entry element SCOTLAND
650 ## - SUBJECT ADDED ENTRY--TOPICAL TERM
Topical term or geographic name entry element LEASES
650 ## - SUBJECT ADDED ENTRY--TOPICAL TERM
Topical term or geographic name entry element TRANSACTIONS
650 ## - SUBJECT ADDED ENTRY--TOPICAL TERM
Topical term or geographic name entry element DISPUTES
650 ## - SUBJECT ADDED ENTRY--TOPICAL TERM
Topical term or geographic name entry element HERITABLE SECURITIES
650 ## - SUBJECT ADDED ENTRY--TOPICAL TERM
Topical term or geographic name entry element PURCHASES
690 ## - LOCAL SUBJECT ADDED ENTRY--TOPICAL TERM (OCLC, RLIN)
Topical term or geographic name as entry element ENVIRONMENT-CONTAMINATION
942 ## - ADDED ENTRY ELEMENTS (KOHA)
Suppress in OPAC 0
Holdings
Withdrawn status Lost status Source of classification or shelving scheme Damaged status Not for loan Home library Current library Shelving location Date acquired Total Checkouts Full call number Barcode Date last seen Copy number Price effective from Koha item type
    Dewey Decimal Classification     London London Journal article 15/08/2003   ABS66982 123279-1001 06/08/2019 1 06/08/2019 Journal article